00254 a2200109 4500001000700000040003500007100002600042240003200068245002700100300000800127362000900135155995 cEscola São Tomás de Aquino aROCHAMONTE, Catarina.10aFilosofia e Sociologialpor10aFilosofia e Sociologia a1960 a2017